00483nam a2200193Ia 4500008004100000020001800041050001400059100002600073245003400099245003600133260001500169260001600184260000900200300001600209300002000225300001000245300002500255500000900280170918s9999 xx 000 0 und d a9780439574266 bK939 2003 aKrovatin, Christopher 4aThe best ghost stories ever / cedited by Christopher Krovatin. aNew York : bScholastic, c2003 a180 pages : billustrations ; c17cm. eScholastic classics. a1200